000 00371nam a22001577a 4500
003 MPLRDC
005 20220104123748.0
008 210129b ||||| |||| 00| 0 eng d
082 _a413.2 YXX
100 _a姚香雄
245 _a都市常见病
_c
260 _a
_b协和医药出版社
_c1967
300 _b
650 _a诊断; 治疗
942 _cBK
_o413.2 YXX
999 _c13987
_d13977